Poeta maximus /
المؤلف الرئيسي:
التنسيق: كتاب الكتروني
اللغة:
English
Dutch
منشور في:
Leiden ; Boston :
Brill,
1976.
سلاسل:
Religious Studies, Theology and Philosophy - Book Archive pre-2000.
الموضوعات:
الوصول للمادة أونلاين: Login to view Source
الوسوم: إضافة وسم
رقم الطلب: PA6826
| LEADER | 02113nam a22004458i 4500 | ||
|---|---|---|---|
| 001 | BRILL9789004608825 | ||
| 003 | nllekb | ||
| 005 | 20240625102152.0 | ||
| 006 | m d | ||
| 007 | cr un uuuua | ||
| 008 | 240522s1976 gw sb 001 0 eng d | ||
| 020 | |a 9789004608825 |q (electronic book) | ||
| 020 | |z 9789004579118 |q (print) | ||
| 024 | 7 | |a 10.1163/9789004608825 |2 DOI | |
| 035 | |a (OCoLC)1433111513 | ||
| 040 | |a NL-LeKB |c NL-LeKB |e rda | ||
| 041 | |a dut | ||
| 050 | 4 | |a PA6826 | |
| 072 | 7 | |a HR |2 bicssc | |
| 072 | 7 | |a REL |x 000000 |2 bisacsh | |
| 082 | 0 | 4 | |a 873.137 |2 23 |
| 100 | 1 | |a Nat, P G Van der, |e author. | |
| 245 | 1 | 0 | |a Poeta maximus / |c P G Van der Nat. |
| 246 | 3 | |a enige beschouwingen over de receptie en beoordeling van Vergilius' Aeneis in de oudheid | |
| 264 | 1 | |a Leiden ; |a Boston : |b Brill, |c 1976. | |
| 264 | 4 | |c ©1976 | |
| 336 | |a text |b txt |2 rdacontent | ||
| 337 | |a computer |b c |2 rdamedia | ||
| 338 | |a online resource |2 rdacarrier | ||
| 490 | 1 | |a Religious Studies, Theology and Philosophy - Book Archive pre-2000 | |
| 504 | |a Includes bibliographical references and index. | ||
| 505 | 0 | |t Front Matter -- Preliminary Material / |r Dr. P. G. van der Nat -- Mijnheer de rector magnificus, Dames en heren bestuurderen van de universiteit, Mijnheer de secretaris van de universiteit, Dames en heren leden van het wetenschappelijk corps en van het technisch en administratief personeel, Dames en heren studenten, en voorts gij allen die deze plechtigheid met uw tegenwoordigheid vereert, / |r P. G. van der Nat -- Back Matter -- Aantekeningen / |r Dr. P. G. van der Nat. | |
| 546 | |a Dutch | ||
| 588 | |a Description based on print version record. | ||
| 600 | 0 | 0 | |a Vergilius Maro, P. (Publius), |d 70 v.Chr.-19 v.Chr. |
| 776 | 0 | 8 | |i Print version: |t Poeta maximus : enige beschouwingen over de receptie en beoordeling van Vergilius' Aeneis in de oudheid. |d Leiden ; Boston : Brill, 1976. |z 9789004579118 |
| 830 | 0 | |a Religious Studies, Theology and Philosophy - Book Archive pre-2000. | |
| 856 | 4 | |z DOI: |u http://dx.doi.org/10.1163/9789004608825 | |
| 942 | |2 lcc |c EBOOK | ||
| 999 | |c 58530 |d 58530 | ||
